Ecuaciones diferenciales con problemas con valores en la frontera
Uloženo v:
| Hlavní autor: | |
|---|---|
| Další autoři: | |
| Médium: | Kniha |
| Jazyk: | španělština |
| Vydáno: |
Ciudad de México,México:
Cengage Learning,
2015.
|
| Vydání: | Octava edición. |
| Témata: | |
| Tagy: |
Přidat tag
Žádné tagy, Buďte první, kdo vytvoří štítek k tomuto záznamu!
|
MARC
| LEADER | 00000cam a2200000 a 4500 | ||
|---|---|---|---|
| 001 | UCC6094 | ||
| 003 | CL-VaPUC | ||
| 005 | 20230428135933.0 | ||
| 008 | 181116e20150000mx |||||||||||||||||spa|d | ||
| 020 | |a 9786075194431 | ||
| 040 | |c Pontificia Universidad Católica de Valparaíso | ||
| 082 | 0 | 4 | |a 515.35 ZIL 2015 |2 21 |
| 100 | 0 | |a Zill, Dennis G |e autor |9 600524 | |
| 245 | 1 | 0 | |a Ecuaciones diferenciales con problemas con valores en la frontera |
| 250 | |a Octava edición. | ||
| 260 | |a Ciudad de México,México: |b Cengage Learning, |c 2015. | ||
| 300 | |a 539 páginas. | ||
| 583 | |a last modification |c 20181116 13:40:00 |k Rodrigo Vera | ||
| 650 | 0 | |a Ecuaciones diferenciales |9 260083 | |
| 650 | 0 | |a Ecuaciones lineales |9 342219 | |
| 700 | 0 | |a Wright, Warren S |e autor |9 600525 | |
| 942 | |c BK |2 ddc | ||
| 945 | |d 20181116 13:40:00 |a dcastane | ||
| 999 | |c 373137 |d 373135 | ||
| 952 | |0 0 |1 0 |3 erb |4 0 |6 515_350000000000000_ZIL_2015 |7 0 |8 A |9 491105 |a BIBGIM |b BIBGIM |i 5515181 |l 2 |o 515.35 ZIL 2015 |p 5515181 |r 2025-01-15 |s 2023-09-06 |w 2019-11-24 |y BK |z Catalogado en:20181116 |k EST | ||
| 952 | |0 0 |1 0 |2 ddc |4 0 |6 515_350000000000000_ZIL_2015 |7 0 |8 A |9 589819 |a BIBING |b BIBING |c GEN |d 2023-04-28 |e 1 |g 94537.63 |i 5657283 |l 4 |m 1 |o 515.35 ZIL 2015 |p 5657283 |r 2025-01-20 |s 2024-08-21 |t 2 |v 94537.63 |w 2023-04-28 |y BK |k EIE | ||
| 952 | |0 0 |1 0 |2 ddc |4 0 |6 515_350000000000000_ZIL_2015 |7 0 |8 A |9 589820 |a BIBING |b BIBING |c GEN |d 2023-04-28 |e 1 |g 94537.63 |i 5657284 |l 11 |m 3 |o 515.35 ZIL 2015 |p 5657284 |q 2025-05-14 |r 2025-05-07 |s 2025-05-07 |t 3 |v 94537.63 |w 2023-04-28 |y BK |k EIE | ||